Զարթօնք / (Record no. 63948)
[ view plain ]
| 000 -LEADER | |
|---|---|
| fixed length control field | 00847nam a2200229 a 4500 |
| 003 - CONTROL NUMBER IDENTIFIER | |
| control field | SEM |
| 005 - DATE AND TIME OF LATEST TRANSACTION | |
| control field | 20220608073047.0 |
| 008 - FIXED-LENGTH DATA ELEMENTS--GENERAL INFORMATION | |
| fixed length control field | 031111s1987 ai 000 | arm d |
| 040 ## - CATALOGING SOURCE | |
| Original cataloging agency | |
| Transcribing agency | |
| 041 0# - LANGUAGE CODE | |
| Language code of text/sound track or separate title | arm. |
| 100 0# - MAIN ENTRY--PERSONAL NAME | |
| Personal name | Մալխաս |
| 245 10 - TITLE STATEMENT | |
| Title | Զարթօնք / |
| Statement of responsibility, etc. | Մալխաս. |
| 250 ## - EDITION STATEMENT | |
| Edition statement | Գ. տպագրություն |
| 260 ## - PUBLICATION, DISTRIBUTION, ETC. | |
| Place of publication, distribution, etc. | Պէյրութ: |
| Name of publisher, distributor, etc. | Համազգայինի Վահէ Սէթեան տպ., |
| Date of publication, distribution, etc. | 1987-1991. |
| 300 ## - PHYSICAL DESCRIPTION | |
| Extent | Հ.; |
| Other physical details | նկ., |
| Dimensions | 24 սմ. |
| 505 ## - FORMATTED CONTENTS NOTE | |
| Formatted contents note | Հ. Ա - |
| Miscellaneous information | 1987. - 447 էջ |
| Title | |
| 505 ## - FORMATTED CONTENTS NOTE | |
| Formatted contents note | Հ. Բ - |
| Miscellaneous information | 1988. - 538 էջ |
| Title | |
| 505 ## - FORMATTED CONTENTS NOTE | |
| Formatted contents note | Հ. Գ և Դ - |
| Miscellaneous information | 1991. - 638 [216] էջ |
| Title | |
| 650 14 - SUBJECT ADDED ENTRY--TOPICAL TERM | |
| Topical term or geographic name entry element | Սփյուռքահայ գրականություն |
| General subdivision | քաղաքական վեպ |
| Chronological subdivision | 19-րդ դ. |
| 650 14 - SUBJECT ADDED ENTRY--TOPICAL TERM | |
| Topical term or geographic name entry element | Հայ գրականություն |
| General subdivision | վեպ |
| -- | հեղափոխական շարժում |
| 942 ## - ADDED ENTRY ELEMENTS (KOHA) | |
| Source of classification or shelving scheme | Universal Decimal Classification |
| Koha item type | Գրքեր/Books |
| Withdrawn status | Lost status | Source of classification or shelving scheme | Damaged status | Not for loan | Collection code | Home library | Current library | Date acquired | Cost, normal purchase price | Serial Enumeration / chronology | Inventory number | Total Checkouts | Full call number | Barcode | Date last seen | Price effective from | Koha item type | Public note |
|---|---|---|---|---|---|---|---|---|---|---|---|---|---|---|---|---|---|---|
| Universal Decimal Classification | Գրապահոց | Մայր Աթոռ Սուրբ Էջմիածին «Վաչե և Թամար Մանուկյան» Մատենադարան | Մայր Աթոռ Սուրբ Էջմիածին «Վաչե և Թամար Մանուկյան» Մատենադարան | 19/11/2015 | 10050.00 | Հ. Ա | 25246 | 891.981-3/Մ-16 | 25246 | 19/11/2015 | 19/11/2015 | Գրքեր/Books | սպասարկվում է ընթերցասրահ | |||||
| Universal Decimal Classification | Գրապահոց | Մայր Աթոռ Սուրբ Էջմիածին «Վաչե և Թամար Մանուկյան» Մատենադարան | Մայր Աթոռ Սուրբ Էջմիածին «Վաչե և Թամար Մանուկյան» Մատենադարան | 19/11/2015 | 10050.00 | Հ. Բ | 25247 | 891.981-3/Մ-16 | 25247 | 19/11/2015 | 19/11/2015 | Գրքեր/Books | սպասարկվում է ընթերցասրահ | |||||
| Universal Decimal Classification | Գրապահոց | Մայր Աթոռ Սուրբ Էջմիածին «Վաչե և Թամար Մանուկյան» Մատենադարան | Մայր Աթոռ Սուրբ Էջմիածին «Վաչե և Թամար Մանուկյան» Մատենադարան | 19/11/2015 | 10050.00 | Հ. Գ և Դ | 25248 | 891.981-3/Մ-16 | 25248 | 19/11/2015 | 19/11/2015 | Գրքեր/Books | սպասարկվում է ընթերցասրահ |